[Event "Chess"]
[Site "Norway"]
[Date "2015.06.25"]
[Round "9.4"]
[White "Aronian, Levon"]
[Black "Nakamura, Hikaru"]
[Result "0-1"]
[WhiteElo "2780"]
[BlackElo "2802"]
[EventDate "2015.??.??"]
[Annotator "Bojkov,Dejan"]
[PlyCount "80"]
[Beauty "7630546272779"]
[EventType "swiss"]
[EventRounds "9"]
[EventCountry "NOR"]
[WhiteClock "1:00:34"]
[BlackClock "1:07:22"]

{[Annotations by GM Dejan Bojkov]} 
1.c4 e5 2.Nc3 Nc6 3.g3 Bc5 4.Bg2 d6 5.e3 a6 {Sooner or later Black will have to saveguard his bishop.} ( {Also possible is} 5...Nf6 6.Nge2 Bf5 7.d4 Bb6 8.h3 O-O 9.O-O h6 10.Kh2 Re8 {Erdos,V (2621)-Wojtaszek,R (2742) Germany 2015} ) 6.Nge2 Ba7 7.a3 h5 {This is why Nakamura kept his knight on g8. He wants to create play along the h-file. This plan is possible because the center is closed.} 8.d4 ( {The problem with the move} 8.h4 {is that Black can use the g4 square for his bishop:} 8...Bg4 9.b3 Nge7 10.Bb2 Rb8 11.Qc2 Qd7 12.d3 O-O {and Black is solid, Mwali,C (2250) -Anton Guijarro,D (2624) Tromso 2014} ) ( 8.h3 ) 8...h4 9.b4 {A novelty by Aronian. He plans to lock the bishop on a7.} ( {In the only predecessor White played rather inconsistently} 9.d5 Nce7 10.e4 $6 {This opens the bishop on a7 for no good reason.} 10...Nf6 11.h3 $6 hxg3 12.fxg3 c6 13.b4 cxd5 14.Nxd5 Nfxd5 15.exd5 Qb6 {and White's position is on the verge of colapse, Felser,M (1913) -Jorczik,J (2333) Schwaebisch Gmuend 2010} ) 9...Nge7 10.c5 Bf5 {The first critical moment of the game, as the players mentioned later.} ( {Nakamura also considered} 10...h3 11.Bf3 d5 12.O-O ( 12.dxe5 Nxe5 {followed by c7-c6 and Ba7-b8 is good for Black.} ) 12...e4 13.Bh1 ( {The American GM was also afraid of the position sacrifice} 13.Nxe4 $5 dxe4 14.Bxe4 {as the Ba7 needs plenty of moves to get into the game.} ) 13...f5 {but he was afraid that he cannot hold the line after} 14.f3 {Indeed} 14...Be6 15.Nf4 Qd7 16.Nxe6 Qxe6 17.Bd2 {followed by Qd1-b3, a3-a4 and b4-b5 looks easy for White.} ) 11.Bb2 ( {Aronian was considering} 11.d5 $5 Nb8 12.f4 dxc5 13.d6 {to which Black can react with an exchange sacrifice:} 13...cxd6 ( 13...Nec6 {is also possible though.} ) 14.Bxb7 Nbc6 {(Nakamura)} ( {Or} 14...Nd7 {In both cases Black will have plenty of play on the light squares for the exchange.} ) ) 11...Qd7 12.Qb3 ( {Once again} 12.d5 {does not yield White anything} 12...Nd8 13.e4 Bh3 14.Bxh3 Qxh3 15.Qa4+ Qd7 {but this was perhaps the best that he had.} ) 12...h3 $1 {It is time to worry the white king before it escapes from the center. If this happens, the locked bishop on a7 might become the key factor in the position.} ( {Better than the preliminary trade} 12...exd4 13.exd4 h3 {when after} 14.Be4 Bxe4 15.Nxe4 Qf5 {White has the important move} 16.f3 {(Nakamura)} ) 13.Bf3 ( {The line} 13.Be4 Bxe4 14.Nxe4 Qf5 {looks good for Black (Nakamura)} ) ( {White cannot evacuate the king from the center} 13.Bxc6 Qxc6 14.O-O-O {because of the strong} 14...Qf3 {(Aronian)} ) 13...exd4 {Dynamic play.} ( 13...d5 14.O-O e4 15.Bh1 ) 14.Nxd4 {Black clears too many lines in case of} ( 14.exd4 dxc5 15.dxc5 $6 Ne5 ) 14...Bg4 15.Bxg4 Qxg4 16.Nxc6 ( {The immediate} 16.Qd1 Qxd1+ 17.Rxd1 {sacrifices a pawn but after} 17...dxc5 18.Nxc6 bxc6 19.bxc5 f6 20.Ne4 {White has compensation. Both Aronian and Nakamura considered this position good for Black on the account of the excellent d5-square for the black knight.} ) 16...Nxc6 17.Qd1 $1 {Aronian correctly seeks the trade of queens.} ( 17.cxd6 O-O-O {looks very dangerous for White with the king in the middle.} ) 17...Qg6 $1 {And Nakamura rejects it.} 18.cxd6 {Now Black's attack is very dangerous. The lesser evil was to chase the black queen with} ( 18.Qb1 $5 Qxb1+ ( 18...Qh5 19.Qe4+ $1 ) 19.Rxb1 dxc5 20.b5 {when White should have enough compensation for the pawn. The excluded bishop feels worse with less pieces on the board.} ) 18...O-O-O 19.Rc1 $2 {"A terrible move." (Aronian)} ( {Close to equal was} 19.Qb1 Qh5 ( 19...f5 {can be answered by} 20.b5 $1 axb5 21.dxc7 ) 20.Qd1 {although I would definitely prefer Black since after} 20...Qe5 {the white king is still not safe.} ) 19...Rxd6 20.Qc2 Qh5 $1 {Now White's weakened light squares are a pain in the neck.} ( {"Somehow I felt} 20...Rd3 {was kind of forced." (Aronian) Indeed, White will be OK after} 21.Ne2 Qe4 22.Rf1 Rhd8 23.Nf4 {as the sacrifice} 23...Bxe3 24.fxe3 Rxe3+ 25.Ne2 {is not decisive.} ) 21.Qe2 Ne5 {Also missed by Aronian. Now the weakness of the white squares decides the game.} 22.Qxh5 {White loses the exchange as} ( 22.O-O Nf3+ 23.Kh1 Rd2 {loses the house.} ) 22...Nd3+ 23.Ke2 {In case of} ( 23.Kf1 Rxh5 24.Rc2 {Black has the nice} 24...Bxe3 $1 25.fxe3 Rf5+ 26.Kg1 ( 26.Ke2 Rf2+ 27.Kd1 Nxb4+ ) 26...Rdf6 {with unstoppable mate.} ) 23...Nxc1+ 24.Rxc1 Rxh5 {The extra exchange wins easily.} 25.g4 Re5 26.Rg1 Re8 27.Rg3 Bd4 $1 28.Na4 ( 28.Rxh3 b5 {dominates the knight.} ( 28...Bf6 {with the ideas Rd6-c6 and Re8-d8 would also do.} ) ) 28...Bxb2 29.Nxb2 Red8 {The rooks enter the second rank and it is all over.} 30.Nc4 Rc6 31.Ne5 Rc2+ 32.Ke1 f6 33.Nf3 Rh8 34.g5 Ra2 35.Nd4 Rxa3 36.Ne6 Ra1+ 37.Ke2 Rh1 38.gxf6 gxf6 39.Nf4 b6 40.Nxh3 Rb1 0-1

[Event "48th International Chess Festival"]
[Site "Biel"]
[Date "2015.07.22"]
[Round "3.2"]
[White "Adams, Michael"]
[Black "Vachier Lagrave, Maxime"]
[Result "0-1"]
[WhiteElo "2740"]
[BlackElo "2731"]
[EventDate "2015.??.??"]
[Annotator "Bojkov,Dejan"]
[PlyCount "72"]
[Beauty "7904082001932"]
[EventType "team-tourn"]
[EventCountry "SUI"]
[WhiteClock "0:03:34"]
[BlackClock "0:19:16"]

{[Annotations by GM Dejan Bojkov]} 
1.e4 c5 2.Nf3 d6 3.Bb5+ {Adams likes this side line of the Sicilian. He uses it regurlarly and with success and it makes good sense to go for it when facing one of the greatest Najdorf specialists of our time.} 3...Nd7 {Both this and} ( 3...Nc6 {are considered "fighting" lines.} ) ( {while} 3...Bd7 {is the "safe" choice.} ) 4.c3 Nf6 5.Qe2 a6 6.Ba4 e5 7.O-O Be7 8.d4 b5 9.Bc2 O-O 10.Rd1 Qc7 {As a result the game modified into a position typical for the Ruy Lopez. There are some differences: the white queen is on e2 instead of d1 and the white rook is on d1 instead of e1. While the latter might be useful for White as he can pressure along the d file, the former isn't that great as the lack of defense of the bishop on c2 obstructs White's development (the move Nb1-d2 for example loses a pawn). There is one more disadvantage, which Vachier-Lagrave will reveal later. One more difference is the position of the black b8 knight which is typically standing on c6 at this stage.} 11.a4 ( 11.Nbd2 $2 cxd4 ) 11...Rb8 ( {Also possible and good is} 11...Bb7 {although White was a tad better after} 12.dxe5 dxe5 13.axb5 axb5 14.Rxa8 Rxa8 15.Na3 b4 16.Nc4 bxc3 17.bxc3 {Kobalia,M (2623)-Najer,E (2661) Kaliningrad 2015} ) 12.Na3 c4 {Vachier-Lagrave comes with an interesting novelty. He tries to make use of the fact that the white knight is away from the center, somewhat awkwardly placed on the rim.} ( {Previously Black had only opted for the active piece play after} 12...cxd4 13.cxd4 bxa4 14.Bxa4 exd4 15.Nxd4 Nc5 {with approximate equality in Balogh,C (2641)-Babula,V (2585) Austria 2012} ) 13.Bd2 ( {If White ever closes the center} 13.d5 {Black will have a great outpost for his knight} 13...Nc5 ) ( {There is no time to bring the knight back in the center} 13.Bb1 Re8 14.Nc2 d5 $1 ) 13...Re8 {The key point behind Black's plan. He prepares the freeing central advance d6-d5.} 14.axb5 axb5 15.h3 {White needs to keep the central pressure as both commital pawn moves} ( 15.d5 Nc5 ) ( 15.dxe5 dxe5 {are simply better for Black.} ) 15...d5 $1 {Highlighting the vulnerable position of the white queen. Black is at least equal now.} 16.dxe5 ( {The line} 16.exd5 $2 exd4 17.Nxd4 Bxa3 {demonstrates why the queen does not like to face the opponent's rook.} ) ( 16.Nxe5 Nxe5 17.dxe5 {would transpose to the game.} ) 16...Nxe5 17.Nxe5 $2 {Adams did not have to allow the black queen that much activity. Black has various dangerous ideas in the line} ( 17.exd5 Ng6 ( 17...Nd3 $5 ) 18.Be3 Nf4 ( 18...Bd6 $5 ) 19.Bxf4 Qxf4 20.Qd2 Qxd2 21.Rxd2 Bc5 {with more than sufficient compensation for the pawn, but that was the only way for White to play.} ) 17...Qxe5 18.f4 Bc5+ $1 {With this important intermediate check Vachier-Lagrave takes full command of the situation.} 19.Be3 Qh5 $1 20.Rd2 {White has to defend passively as both} ( 20.Qxh5 $4 Bxe3+ {and} ) ( 20.g4 $2 Bxe3+ 21.Qxe3 Bxg4 22.hxg4 Qxg4+ 23.Kh2 Nxe4 {lose for him.} ) 20...dxe4 {Black won a pawn and keeps better control in the center.} 21.Re1 Qxe2 22.Rdxe2 Bxe3+ 23.Rxe3 Rb6 {To defend the e4-pawn.} 24.Kf2 ( 24.Bxe4 $2 Rbe6 ) ( {Perhaps White had to try} 24.g4 Bb7 25.Kf2 ) 24...Bf5 $1 {The bishop is ideally placed on f5. Black now intends to stabilize the situation on the kingside and bring the knight to d3.} 25.Rd1 ( {Or} 25.g4 Bxg4 26.hxg4 ( 26.Bxe4 Bd7 ) 26...Nxg4+ 27.Ke2 Nxe3 28.Kxe3 f5 ) 25...h5 26.Kg3 g6 27.Rd4 Kg7 28.Kh4 {The only way to challenge Black's construction, but it's insufficient.} 28...Be6 29.Re2 ( 29.Bxe4 $2 Bf5 ) 29...Rbb8 30.Bd1 ( {Maybe it was worth it to swap off the e4 pawn at last with} 30.Bxe4 Bd5 31.Bf3 Rxe2 32.Bxe2 Bxg2 {although Black still has serious winning chances.} ) 30...Bf5 31.Bc2 Rec8 $1 {Black finds the optimal set-up for his pieces.} 32.Re1 Rc5 $1 33.Bd1 Nd5 {The knight moves. The end is nigh.} 34.g3 ( {Or else Black wins another pawn after} 34.g4 Nxf4 35.Kg3 Nd3 36.Rf1 Be6 37.Rxe4 Nxb2 ) 34...Rh8 35.Nc2 Ne7 $1 {All of a sudden Black threatens mate!} 36.Rd6 ( 36.Ne3 g5+ 37.Kxg5 ( 37.fxg5 Ng6# ) 37...f6+ 38.Kh4 Ng6# ) 36...Be6 {Ne7-f5 can be stopped only with heavy material losses.} 0-1

[Event "48th International Chess Festival"]
[Site "Biel"]
[Date "2015.07.24"]
[Round "5.2"]
[White "Eljanov, Pavel"]
[Black "Rapport, Richard"]
[Result "1/2-1/2"]
[WhiteElo "2723"]
[BlackElo "2671"]
[EventDate "2015.??.??"]
[Annotator "Bojkov,Dejan"]
[PlyCount "88"]
[Beauty "5910948757022"]
[EventType "team-tourn"]
[EventCountry "SUI"]
[WhiteClock "0:47:28"]
[BlackClock "0:48:57"]

{[Annotations by GM Dejan Bojkov]} 
1.d4 e6 2.c4 f5 3.g3 Nf6 4.Bg2 Be7 {In the Stonewall Black prefers to place the dark-squared bishop more actively, on d6. Rapport has his own opinion.} 5.Nc3 O-O 6.Nf3 d5 {This transposes into the Stonewall.} ( {Most of the people prefer} 6...d6 ) 7.O-O c6 8.Qc2 {A very interesting plan. More usual is} ( 8.b3 {with the idea to trade he dark-squared bishop after a2-a4 and Bc1-a3.} ) 8...Ne4 9.Bf4 Nd7 10.Rad1 $1 {A strong positional move. White overprotects the centre and asks his opponent about his intentions.} ( {The majority of the games in this rare line witnessed the move} 10.Ne5 {but this knight can be traded and Black's defense is relieved.} ) 10...g5 {A quick look at the Megabase reveals that Black failed to solve his problems after other moves as well:} ( 10...Bf6 11.Ne5 Qe7 12.Nxd7 Bxd7 13.Nxe4 fxe4 14.c5 {with the threat Bf4-d6 was already good for White and the careless} 14...e5 {made things worse due to} 15.dxe5 Bxe5 16.Bxe5 Qxe5 17.Bxe4 {Li,C (2728)-Ulibin,M (2502) Cappelle la Grande 2015} ) ( {Black would be happy to solve the problem of the light-squared bishop with} 10...b6 {but things are not as simple after} 11.cxd5 cxd5 ( 11...exd5 12.Nxe4 dxe4 13.Qxc6 $1 ) 12.Rc1 ( 12.Nb5 $5 {looks also unpleasant for Black.} ) 12...g5 $6 ( 12...Bb7 {is a must.} ) 13.Nxe4 fxe4 14.Bc7 Qe8 15.Ne5 {Abasov,N (2492)-Kuderinov,K (2480) Baku 2013} ) ( {A typical idea happened in the following game} 10...Qe8 11.Ne5 Nd6 12.cxd5 exd5 13.Nxc6 $1 bxc6 14.Nxd5 cxd5 15.Bxd5+ Kh8 16.Bxa8 {Buhmann,R (2572)-Gheng,J (2335) Leinzell 2011} ) ( {Please, note that moves cannot be transposed} 10...Nd6 11.b3 g5 $2 12.Nxg5 {was never repeated after the game Adamski,J (2450)-Giorgadze,G Tbilisi 1983} ) 11.Be3 Nd6 ( 11...f4 12.Bc1 {only weakens Black's position.} ) 12.b3 Bf6 {A novelty which will hardly attract many followers.} ( {The only game played in this line saw} 12...Nf7 {and a draw was agreed in Nogueras-Jobava, Havana 2005. It will be interesting to see what did Eljanov prepare in that case.} ) ( {Critical is} 12...dxc4 {to which White has rich compensation for the pawn after both} 13.Ne5 ( {and} 13.Na4 cxb3 14.axb3 ) 13...cxb3 14.Qxb3 ) 13.Bc1 $1 {A very strong concept. The bishop moves to a working diagonal.} 13...Rf7 ( {Things look even scarier for Black in case he takes the pawn after} 13...g4 14.Ne1 dxc4 15.e4 ) ( {Or after} 13...dxc4 14.Ba3 cxb3 15.axb3 Nb6 16.e4 {with clear edge for White in both cases.} ) 14.Ba3 Ne4 ( {Black cannot afford to lose control of the center} 14...Nf8 15.Ne5 ) 15.Nxe4 fxe4 16.Ne5 {Power-play typical for the aggressive positional style of Eljanov! White opens as many files and diagonals as possible while the black pieces on c8 and a8 are still sleeping.} ( 16.Ne1 Bg7 17.f3 {was also good though.} ) 16...Nxe5 17.dxe5 Be7 ( {White is not even losing a pawn after} 17...Bxe5 18.Bxe4 ) 18.Bd6 $1 {With the strong threat c4-c5.} 18...Bxd6 ( 18...Bd7 19.c5 {followed by f2-f3 and e2-e4 would be crushing.} ) 19.exd6 Bd7 ( {Once more the capture of the pawn is not appealing at all:} 19...Qxd6 20.Qxe4 Qe7 21.Qe5 ) 20.f3 exf3 21.Bxf3 Qa5 22.c5 {Thanks to his energetic opening play White enjoys a big advantage. He has more space, a super-strong defended passer on d6 and a stronger bishop.} 22...b6 23.Bh5 Rxf1+ 24.Rxf1 Qxc5+ {Rapport is forced to trade queens as} ( 24...bxc5 $4 25.Rf7 {is mate soon.} ) 25.Qxc5 bxc5 26.Rf7 Rd8 ( {Worse is} 26...Be8 $2 27.Rc7 Bxh5 28.d7 ) 27.Re7 {Rapport reached an endgame but this is hardly any consolation for him as the white pieces clearly dominate the board.} 27...e5 28.g4 $1 {Restriction of the bishop.} ( {In case of} 28.Rxe5 $2 Kg7 29.Re7+ Kf6 {the black king comes out and Black is OK:} 30.Rxh7 c4 31.bxc4 dxc4 ) ( {However, White could have started with} 28.Kf2 {as the bishop cannot get active yet:} 28...Bf5 ( 28...Bh3 29.g4 Rxd6 30.Rxe5 {leaves Bh3 almost trapped.} ) 29.Rxe5 Bg6 30.Bxg6 hxg6 31.Re7 Rxd6 32.Rxa7 {with a huge advantage in the rook endgame for White.} ) 28...e4 29.Kf2 a5 $5 {Rapport seeks chances and clears the road for his pawn avalanche.} ( {Black cannot easily activete his pieces:} 29...c4 30.bxc4 dxc4 31.Bf7+ ( {Better than} 31.Ke3 c3 32.Rxe4 Kg7 33.Kd3 Kf6 34.Kxc3 Be6 35.Ra4 Rxd6 36.Rxa7 {although here too, White has a solid extra pawn.} ) 31...Kh8 32.h3 c3 33.Bb3 h5 34.Rxe4 hxg4 35.hxg4 {with clear advantage for White.} ) 30.h3 a4 31.bxa4 {But now this pawn is very strong.} 31...c4 32.a5 c3 33.Ke1 ( {Of course not} 33.Ke3 $4 d4+ ) 33...c5 34.a6 e3 35.Rxe3 ( {Not} 35.a7 $4 c2 ) 35...d4 36.Re7 Bc6 37.a7 Rxd6 38.Re8+ $2 {This wins a pieces, but loses half a point... Up till now Eljanov played flawlessly and completely outplayed his young opponent.} ( {Instead he could have won with} 38.Rc7 $1 {for example} 38...Be4 ( 38...Bh1 39.Bf7+ Kf8 ( 39...Kh8 40.Bc4 Rd8 41.Rxc5 ) 40.Bc4 Rd8 41.Rxh7 ( 41.Rxc5 ) 41...Ra8 42.Bd3 {and Black is helpless.} ) 39.Bf7+ Kf8 40.Bc4 Rd8 41.Bd3 Bxd3 42.exd3 {when the a-pawn queens.} ) 38...Kg7 39.a8=Q Bxa8 40.Rxa8 d3 $1 {It suddenly transpires that the pawns are too dangerous and White has to force a draw. The obvious threat is d3-d2+ followed by c3-c2+ and queen.} 41.Ra7+ ( {Or} 41.exd3 Rxd3 42.Ra7+ {when White also forces a draw since} 42...Kh6 ( 42...Kf6 $2 {will allow a chance to White to stop the pawn after} 43.Rf7+ Ke5 44.Re7+ ( 44.Rf2 ) 44...Kd6 45.Re2 ) ( 42...Kf8 $2 {is bad for the same reason:} 43.Rf7+ Kg8 44.Rf2 ) 43.Ra6+ ) 41...Kh6 42.exd3 Rxd3 43.Ra6+ Kg7 44.Ra7+ Kh6 1/2-1/2

[Event "48th International Chess Festival"]
[Site "Biel"]
[Date "2015.07.25"]
[Round "6.3"]
[White "Rapport, Richard"]
[Black "Wojtaszek, Radoslaw"]
[Result "0-1"]
[WhiteElo "2671"]
[BlackElo "2733"]
[EventDate "2015.??.??"]
[Annotator "Bojkov,Dejan"]
[PlyCount "68"]
[Beauty "8045413274634"]
[EventType "team-tourn"]
[EventCountry "SUI"]
[WhiteClock "0:00:43"]
[BlackClock "0:16:12"]

{[Annotations by GM Dejan Bojkov]} 
1.d4 Nf6 2.c4 e6 3.Nf3 d5 4.Bg5 {White is trying to avoid the Vienna Game and the Ragozin Defence when choosing this move order. The problem with this approach is that he has to part with the c-pawn.} 4...Bb4+ 5.Nbd2 dxc4 6.Qc2 {White also tries} ( 6.Qa4+ Nc6 7.e3 Bd7 8.Qc2 b5 9.a3 Bxd2+ 10.Nxd2 e5 {with approximate equality in Dubov,D (2632) -Matlakov,M (2695) Jerusalem 2015} ) 6...b5 7.a4 c6 8.Bxf6 ( 8.g3 {was tried by Mamedyarov.} ) 8...gxf6 {Forced as} ( 8...Qxf6 $2 9.axb5 cxb5 $2 10.Qe4 {simply wins for White.} ) 9.g3 Bb7 10.Bg2 Nd7 11.O-O a5 {As a result of the opening battle White managed to weaken the opponent's castling position, at the price of a pawn and the bishop pair. If his initiative is not enough, he will have to suffer in the endgame.} ( {Black had also played} 11...a6 12.b3 cxb3 13.Qxb3 c5 14.axb5 axb5 15.dxc5 Bxc5 16.Rxa8 Qxa8 17.Qxb5 Bc6 18.Qc4 O-O {Postny,E (2598)-Okkes,M (2386)/Hoogeveen 2007} ) 12.b3 cxb3 13.Nxb3 bxa4 14.Rxa4 Ba6 {A good novelty. Wojtaszek does not even want to allow an exchange sacrifice.} ( {Black also did quite well in the predecessing games after} 14...c5 15.Nxc5 Nxc5 16.dxc5 Rc8 17.Rxb4 $5 axb4 18.Qa4+ Bc6 19.Qxb4 O-O {Vovk,Y (2550)-Moiseenko,A (2679) Kiev 2011} ) 15.Ra2 ( {In case of} 15.Qxc6 Bxe2 16.Rc1 O-O {Black is obviously better.} ) 15...Bb5 16.Rfa1 O-O 17.Nc1 {In order to challenge Black's stable queenside construction.} ( {Perhaps Rapport could play a bit more actively with the knight:} 17.e3 a4 ( 17...f5 ) 18.Nc5 Nxc5 19.dxc5 {with an unclear position.} ) 17...Rc8 18.Nd3 Bxd3 $1 {Most likely Rapport expected the line} ( 18...c5 19.Nxb4 cxb4 20.Qb2 Ra8 21.Ne5 fxe5 22.Bxa8 Qxa8 23.Rxa5 Qc6 24.Rc1 Qb6 25.Qxb4 Bxe2 26.Qxb6 Nxb6 27.dxe5 {which should end in a draw, but Wojtaszek plays for more.} ) 19.Qxd3 c5 20.dxc5 ( {Black is also better after} 20.d5 Nb6 21.dxe6 Qxd3 22.exf7+ Rxf7 23.exd3 Rd8 {and can play for the win without any risk.} ) 20...Nxc5 21.Qe3 Kg7 {Black managed to keep the extra pawn and to defend his kingside. Still, it won't be easy to win the game due to the presence of opposite-colored bishops on the board and the permanent weakness of the black king.} 22.h4 {Somewhere here Rapport lost track.} ( 22.Nd4 $5 Qd6 ( 22...Qb6 23.Qf3 f5 ( 23...Rfd8 24.Nc6 ) 24.Qe3 h6 ) 23.Rd1 Qe5 24.Qf3 Rfd8 25.e3 {Black will have very hard time proving that he has an advantage worth enough for the full point.} ) ( {Or also} 22.Rc2 $5 ) 22...Qd6 23.Rc1 Nd7 24.Raa1 Rxc1+ 25.Rxc1 {Without the rook pair the black passed pawn moves forward.} 25...Bc5 26.Qc3 a4 27.Qa1 a3 {The passer forces the white pieces into passive defense and this means that the game is practically over.} 28.Rd1 Qc7 {Black is not in a hurry.} ( {More forcefull was} 28...Qxg3 $1 29.Rxd7 Qxf2+ 30.Kh1 Rb8 {with the idea} 31.Rd1 Rb4 {followed by Rb4xh4!} ) 29.h5 h6 30.Rc1 Qb6 31.e3 Rb8 32.Bf1 Bxe3 $1 {A nice final touch.} 33.Rc2 ( 33.fxe3 Qxe3+ 34.Kg2 Rb2+ {regains the piece with interest.} ) 33...Bc5 34.Rd2 Qb1 0-1